02321 2200325 4500001002100000005001500021035002000036007000300056008004100059020002200100082001000122084001600132100001400148245008200162250000600244300005400250650002000304650002000324110000800344504001600352520145400368264003701822264002901859336002101888337003001909338002301939990001101962990001101973990001101984INLIS00000000001916920230103031123 a0010-0123000052ta230103 g 0 ind  a978-979-29-9072-0 a005.5 a005.5 TIM m ePengarang1 aMicrosoft Excel Untuk Administrasi Perkantoran Modern :bMicrosoft Excel 2019 aI aviii + 184 halaman :bIlustrasi [Grafik] ;c23 Cm 4aMicrosoft Excel 4aAplikasi Office0 aTim a181 halaman aMicrosoft Excal untuk Administrasi Perkantoran Modern : Microsoft Office 2019 Seorang tenaga administrasi perkantoran dituntut mempunyai keahlian khusus dalam menyusun beragam laporan. Namun kenyataan yang terjadi di dunia perkantoran sekarang, kemampuan SDM dalam merencanakan tidak diimbangi dengan kemampuan penggunaan aplikasi komputer perkantoran secara optimal. Aplikasi yang sering digunakan untuk memenuhi tugas pembuatan laporan keuangan adalah Microsoft Excel. Melalui Microsoft Excel aktivitas perkantoran dapat dilakukan secara cepat dan mudah. Pokok bahasan yang disajikan daiam buku Microsoft Excel untuk Administrasi Perkantoran Modern - Microsoft Office 2019 ini membahas mengenai pemanfaatan Microsoft Excel untuk Administrasi Perkantoran dengan model studi kasus yang meliputi: Mengenal Microsoft Excel 2019. Mengenal dan membuat Grafik, membahas mengenai cara membuat dan mengelola grafik. Studi Kasus pada Tugas Sekretaris, membahas mengenai cara menangani surat masuk dan keluar saja. Ada dua macam penanganan surat masuk dan keluar yaitu dengan sistem buku agenda dan sistem kartu kendali. Studi Kasus pada Bagian Keuangan, membahas mengenai cara membuat laporan keuangan (membuat laporan rugi/laba, membuat laporan perubahan modal, hingga membuat neraca), membuat laporan penjualan barang, membuat nota penjualan barang serta menghitung penyusutan asset, membuat cara menghitung kredit barang. Proses Mencetak. aYogyakarta :bAndi Offset,c2019 aMadiun :bMADCOMS,c2019 2rdacontentaTeks 2rdamediaaTanpa Perantara 2rdacarrieraLembar a070594 a070595 a070596